| Tag |
First Indicator |
Second Indicator |
Subfields |
| LEADER |
00000cam a2200000 4500 |
| 001 |
in00000061410 |
| 005 |
20151007082733.0 |
| 008 |
720802s1965 mau b 00000 eng u |
| 010 |
|
|
|a 65027234
|
| 035 |
|
|
|a (OCoLC)00372042
|
| 035 |
|
|
|9 AAF8337AM
|
| 040 |
|
|
|c WSU
|d TXA
|d UtOrBLW
|
| 049 |
|
|
|a TXAM
|c [417222]
|
| 050 |
|
0 |
|a B1674.W354
|b B8
|
| 092 |
|
|
|a 192
|b W5923b
|
| 100 |
1 |
|
|a Burgers, J. M.
|q (Johannes Martinus),
|d 1895-
|
| 245 |
1 |
0 |
|a Experience and conceptual activity ;
|b a philosophical essay based upon the writings of A. N. Whitehead /
|c [by] J. M. Burgers.
|
| 264 |
|
1 |
|a Cambridge, Mass. :
|b M.I.T. Press,
|c [1965]
|
| 300 |
|
|
|a 277 pages
|
| 336 |
|
|
|a text
|b txt
|2 rdacontent
|
| 337 |
|
|
|a unmediated
|b n
|2 rdamedia
|
| 338 |
|
|
|a volume
|b nc
|2 rdacarrier
|
| 504 |
|
|
|a "References and notes": pages 206-269.
|
| 600 |
1 |
0 |
|a Whitehead, Alfred North,
|d 1861-1947.
|
| 650 |
|
0 |
|a Experience.
|
| 999 |
|
|
|a MARS
|
| 999 |
f |
f |
|s 51c40689-c32b-3369-ac35-ec538d81c321
|i 1560f0f0-e8e7-372e-b653-7686cb5b2049
|t 0
|
| 952 |
f |
f |
|p ric
|a Texas A&M University
|b Rellis Campus
|c Joint Library Facility
|d Remote Storage
|t 0
|e B1674.W354 B8
|h Library of Congress classification
|i unmediated -- volume
|m A14800542724
|
| 998 |
f |
f |
|a B1674.W354 B8
|t 0
|l Remote Storage
|